Films cut short at 'n' Quiz Stats

 Plays Quiz not verified by Sporcle

Challenge
Share
Tweet
Embed
Score 0/30 Timer 06:00
0 Plays Today
Film? Title % Correct
CasablaCasablanca
100%
The ShawshaThe Shawshank Redemption
98.5%
The Sixth SeThe Sixth Sense
97%
It's a WoIt's a Wonderful Life
97%
CrouchiCrouching Tiger, Hidden Dragon
97%
CitizeCitizen Kane
97%
The TrumaThe Truman Show
97%
MouliMoulin Rouge!
97%
AlieAlien
95.5%
The ShiThe Shining
95.5%
SchiSchindler's List
95.5%
RaiRain Man
95.5%
DjaDjango Unchained
95.5%
LawreLawrence of Arabia
95.5%
Kiss Kiss BaKiss Kiss Bang Bang
95.5%
Film? Title % Correct
The ItaliaThe Italian Job
95.5%
The ElephaThe Elephant Man
94%
BoogieBoogie Nights
94%
MillioMillion Dollar Baby
92.5%
TitaTitanic
92.5%
L.A. CoL.A. Confidential
92.5%
The DesceThe Descendants
88.1%
Silver LiSilver Linings Playbook
88.1%
The Dark KThe Dark Knight Rises
88.1%
Cat oCat on a Hot Tin Roof
83.6%
EterEternal Sunshine of the Spotless Mind
82.1%
RevolutioRevolutionary Road
77.6%
The Last KiThe Last King of Scotland
71.6%
MagMagnolia
70.1%
The ThiThe Thin Red Line
68.7%

You're not logged in!

Compare scores with friends on all Sporcle quizzes.
Join for Free
OR
Log In

You Might Also Like...

Show Comments

Extras

Top Quizzes Today


Score Distribution

Your Account Isn't Verified!

In order to create a playlist on Sporcle, you need to verify the email address you used during registration. Go to your Sporcle Settings to finish the process.

Report this User

Report this user for behavior that violates our Community Guidelines.

Details: